| 000 | 00351 a2200133 4500 | ||
|---|---|---|---|
| 001 | 90515 | ||
| 082 | _a891.723 WRI | ||
| 090 |
_c42849 _d42849 |
||
| 100 | _aWright Nicholas ; Anton Chekhov | ||
| 245 |
_aThree Sisters _cNicholas Wright _hEnglisg |
||
| 260 |
_aLondon _bNick Hern Books _c2003 |
||
| 300 | _aviii, 85p. | ||
| 500 | _aGeneral Collection | ||
| 942 |
_aCAE NUST _k891.723 WRI |
||
| 999 |
_c325588 _d325588 |
||